| 000 | 00478nam a2200181Ia 4500 | ||
|---|---|---|---|
| 005 | 20250508155629.0 | ||
| 008 | 008 250505s9999 xx 000 0 eng d | ||
| 037 | _aBooks to be hide in OPAC | ||
| 040 |
_aFEDL _beng _cFEDL |
||
| 041 |
_aeng _2eng |
||
| 084 |
_a379.145 482, MAD/O _qFEDL |
||
| 245 | 0 | _aMadras educational rules | |
| 250 | _a3rd | ||
| 260 | _c1901 | ||
| 300 | _aiv,138p. | ||
| 942 |
_cHB _h379.145 482, MAD/O |
||
| 999 |
_c1358347 _d1358347 |
||